Time, growth and change : teacher's guide

Αποθηκεύτηκε σε:
Λεπτομέρειες βιβλιογραφικής εγγραφής
Κύριος συγγραφέας: Collis, Margaret
Άλλοι συγγραφείς: Kincaid, Doug, Richards, Roy
Μορφή: Βιβλίο
Γλώσσα:English
Δημοσίευση: Wolsey House, Hemel Hempstead : Mcdonald educational, c1984
Σειρά:Learning Through Science
Θέματα:
Ετικέτες: Προσθήκη ετικέτας
Δεν υπάρχουν, Καταχωρήστε ετικέτα πρώτοι!

MARC

LEADER 00000nam a2200000 i 4500
001 1/12042
008 000919s1984 eng d
020 |a 0-356-07560-5 
035 |l 10064059 
040 |a GR-MY-UA  |b gre  |e aacr 
041 0 |a eng 
082 0 |a 372.35 
100 1 |a Collis, Margaret. 
245 1 0 |a Time, growth and change :  |b teacher's guide /  |c Margaret Collis, Doug Kincaid, Roy Richards 
260 |a Wolsey House, Hemel Hempstead :   |b Mcdonald educational,   |c c1984 
300 |a 28 p.  |e 21 cm 
490 1 |a Learning Through Science 
500 |a 2x24 pupils' cards and teachers' guide 
650 0 0 |a Science  |x Study and teaching (Elementary) 
650 0 0 |a Time. 
700 1 |a Kincaid, Doug. 
700 1 |a Richards, Roy. 
830 0 |a Learning Through Science 
852 |a INST  |b RHODES  |e 20000919  |h 372.35 COL  |p 005400007983  |q 005400007983  |t BK  |y 0 
909 |a Ρ  |b 019448 
922 |a 4ΕΛΗ  |b 199101 
970 |z 2000/09/ΧΡΥΣΑΝΘΗ